LEADER 00945nam0-22002771i-450- 001 990001638910403321 005 20050405093603.0 035 $a000163891 035 $aFED01000163891 035 $a(Aleph)000163891FED01 035 $a000163891 100 $a20030910d1907----km-y0itay50------ba 101 0 $afre 200 1 $aAnatomie du corselet et histolyse des muscles vibrateurs, apres le vol nuptial, chez la reine de la fourmi (Lasius Niger)$fCharles Janet 210 $aLimoges$cDucourtieux et Gout$d1907 215 $a2 v.$d25 cm 610 0 $aFormicidae 676 $a595.796 700 1$aJanet,$bCharles$f<1849-1932>$070258 801 0$aIT$bUNINA$gRICA$2UNIMARC 901 $aBK 912 $a990001638910403321 952 $a60 595.7 B 15$b2477/78$fFAGBC 959 $aFAGBC 996 $aAnatomie du corselet et histolyse des muscles vibrateurs, apres le vol nuptial, chez la reine de la fourmi (Lasius Niger$9367767 997 $aUNINA LEADER 02260nas 2200709- 450 001 996214113703316 005 20220626213020.0 035 $a(DE-599)ZDB2092987-0 035 $a(OCoLC)654788475 035 $a(CKB)991042730670682 035 $a(CONSER)--2020210299 035 $a(EXLCZ)99991042730670682 100 $a20100809a19899999 --- - 101 0 $apor 135 $aurun||||a|a|| 181 $ctxt$2rdacontent 182 $cc$2rdamedia 183 $acr$2rdacarrier 200 00$aPlanejamento e políticas públicas 210 1$aBrasília :$cIPEA,$d1989- 215 $a1 online resource 311 $a0103-4138 517 1 $aPpp 606 $aPolitical planning$zBrazil$vPeriodicals 606 $aPublic administration$zBrazil$vPeriodicals 606 $aPolitique publique$zBrésil$vPériodiques 606 $aAdministration publique (Science)$zBrésil$vPériodiques 606 $aEconomic policy$2fast$3(OCoLC)fst00902025 606 $aPolitical planning$2fast$3(OCoLC)fst01069460 606 $aPublic administration$2fast$3(OCoLC)fst01081976 606 $aOverheidsbeleid$2gtt 606 $aRuimtelijke ordening$2gtt 606 $aPolitik$2stw 606 $aWirtschaftspolitik$2stw 606 $aBrasilien$2stw 606 $aECONOMIC POLICY$2unbist 606 $aPUBLIC ADMINISTRATION$2unbist 606 $aBRAZIL$2unbist 607 $aBrazil$xEconomic policy$vPeriodicals 607 $aBrésil$xPolitique économique$vPériodiques 607 $aBrazil$2fast 608 $aPeriodicals.$2fast 615 0$aPolitical planning 615 0$aPublic administration 615 6$aPolitique publique 615 6$aAdministration publique (Science) 615 7$aEconomic policy. 615 7$aPolitical planning. 615 7$aPublic administration. 615 17$aOverheidsbeleid. 615 17$aRuimtelijke ordening. 615 7$aPolitik. 615 7$aWirtschaftspolitik. 615 7$aBrasilien. 615 7$aECONOMIC POLICY. 615 7$aPUBLIC ADMINISTRATION. 615 7$aBRAZIL. 712 02$aInstituto de Pesquisa Econômica Aplicada. 906 $aJOURNAL 912 $a996214113703316 996 $aPlanejamento e poli?ticas pu?blicas$92281975 997 $aUNISA